00287nam a22000857a 4500008004100000010001700041245008000058260002300138500004000161150728b xxu||||| |||| 00| 0 eng d 8HCCRSARF:038 aHIGH COURT CRIMINAL SESSION NO.51 OF 1978 Uganda Vs George William Kiggundu aHigh Court Kampala 3 BEFORE: Hon. Mr. Justice G. Engwau